| 000 | 02278cam a22003734a 4500 | ||
|---|---|---|---|
| 001 | 15601721 | ||
| 003 | NUST | ||
| 005 | 20221006111432.0 | ||
| 008 | 090122s2009 enkaf b 001 0 eng | ||
| 010 | _a 2009002688 | ||
| 015 |
_aGBA910065 _2bnb |
||
| 016 | 7 |
_a101494168 _2DNLM |
|
| 016 | 7 |
_a014894340 _2Uk |
|
| 020 | _a9780521888950 (hardback : alk. paper) | ||
| 020 | _a0521888956 (hardback : alk. paper) | ||
| 035 | _a(OCoLC)ocn286431045 | ||
| 040 |
_aDNLM/DLC _cDLC _dNLM _dBTCTA _dYDXCP _dUKM _dCDX _dC#P _dBWX _dDLC |
||
| 042 | _apcc | ||
| 050 | 0 | 0 |
_aQP551.5 _b.Z53 2009 |
| 082 | 0 | 0 |
_a572.64, ZHA _222 |
| 100 | 1 |
_aZhang, Aidong, _d1961- _999246 |
|
| 245 | 1 | 0 |
_aProtein interaction networks : _bcomputational analysis / _cAidong Zhang. |
| 260 |
_aCambridge ; _aNew York : _bCambridge University Press, _c2009. |
||
| 300 |
_axiv, 278 p., [8] p. of plates : _bill. (some col.) ; _c26 cm. |
||
| 505 | 0 | _aIntroduction (Page-1),Experimental approaches to generation of PPI data (Page-11),Computational methods for the prediction of PPIs (Page-21),Basic properties and measurements of protein interaction networks (Page-33),Modularity analysis of protein interaction networks (Page-50),Topological analysis of protein interaction networks / with Woo-chang Hwang (Page-63), Distance-based modularity analysis (Page-109), Graph-theoretic approaches to modularity analysis (Page-130),Flow-based analysis of protein interaction networks (Page-152),Statistics and machine learning based analysis of protein interaction networks / with Pritam Chanda and Lei Shi (Page-199),Integration of GO into the analysis of protein interaction networks / with Young-rae Cho (Page-216),Data fusion in the analysis of protein interaction networks (Page-243). | |
| 650 | 0 |
_aProtein-protein interactions _xData processing. _999247 |
|
| 650 | 0 |
_aProtein-protein interactions _xMathematical models. _999248 |
|
| 650 | 1 | 2 |
_aProtein Binding _xphysiology. _999249 |
| 650 | 1 | 2 |
_aProtein Interaction Mapping _xmethods. _999250 |
| 650 | 2 | 2 |
_aComputational Biology _xmethods. _921335 |
| 906 |
_a7 _bcbc _corignew _d1 _eecip _f20 _gy-gencatlg |
||
| 942 |
_2ddc _cBK |
||
| 999 |
_c591531 _d591531 |
||